| 000 | 00884cam a2200289 i 4500 | ||
|---|---|---|---|
| 999 |
_c200441575 _d59787 |
||
| 001 | ocm04576866 | ||
| 003 | TR-AnTOB | ||
| 005 | 20241111144403.0 | ||
| 007 | ta | ||
| 008 | 030611s1963 fr 000 0 eng | ||
| 010 | _a67002147 | ||
| 040 |
_aDLC _beng _erda _cCLE _dTR-AnTOB |
||
| 041 | 0 | _aeng | |
| 050 |
_aTC809 _b.B716 1963 |
||
| 090 |
_aTOBBK TC809 _b.B716 1963 |
||
| 100 | 1 |
_aBonnal, Claude _9131066 |
|
| 245 | 1 | 0 |
_aManual of collective sprinkler irrigation, _cby C. Bonnal. |
| 264 | 1 |
_a[Paris] _bOrganisation for Economic Co-operation and Development _c[1963] |
|
| 300 |
_a132 pages : _billustrations, plan ; _c24 cm |
||
| 336 |
_atext _btxt _2rdacontent |
||
| 337 |
_aunmediated _bn _2rdamedia |
||
| 338 |
_avolume _bnc _2rdacarrier |
||
| 650 | 0 |
_aSprinkler irrigation _9131067 |
|
| 942 |
_2z _cBK |
||